000 00813nam a22002657a 4500
001 10087
003 FISKH
005 20260407112145.0
008 260407b cb ||||| |||| 00| 0 eng d
040 _aFISKH
_beng
_cFISKH
_dFISKH
050 _aQA76.23 .W34
082 _a001.6
100 _aWall, Elizabeth S.
245 _aThe computer alphabet book /
_cElizabeth S. Wall ; Illustrated by Jared Lee
260 _aNew York :
_bAvon Books,
_c1984.
300 _a64 pages :
_billustrations ;
_c19 cm
505 _aO
520 _aA dictionary of computer-related words, from address and Basic to you and zero.
521 8 _a600
_bLexile estimate
521 8 _aO
_bRaz-Plus
650 _aComputers
_vNon-fiction
700 _aLee, Jared
_eillustrator
942 _2ddc
_cBK
_n0
999 _c10087
_d10087